| 000 | 00922nam a2200325 4500 | ||
|---|---|---|---|
| 001 | |||
| 003 | DO-SdBNP | ||
| 005 | 20180214105012.0 | ||
| 008 | 920725s1958 sp spa | ||
| 016 | 7 |
_a _z _2 |
|
| 035 | _a | ||
| 040 |
_aBPMSU _bspa _cBPMSU |
||
| 080 | 0 | _a | |
| 082 |
_axxx _bxxx |
||
| 100 | 1 | _aLangenskioeld-Hoffmann, Ebba | |
| 245 | 1 | 0 |
_aCuentos del Norte / _h _cEbba Langenskiöld-Hoffmann ; Traducción de Nanny Wachsmuth de Zamora. Ilustraciones de H. Arteluís |
| 250 | _a2ª ed. | ||
| 260 |
_aBarcelona : _bEditorial Juventud, _c1958 |
||
| 300 |
_a158 p., 1 h. _c24 cm |
||
| 500 | _aGrab. intercal. | ||
| 650 | 7 |
_aCuentos de hadas _vLibros infantiles |
|
| 700 | 1 | _aWachsmuth de Zamora, Nanny | |
| 700 | 1 | _aArtelius, H. | |
| 942 |
_2ddc _cBK |
||
| 945 | _ainventariado, 2018 / dg | ||
| 956 | _a VMateo | ||
| 980 |
_a _b _j _u _c |
||
| 980 |
_a _b _j _c |
||
| 980 |
_a _b _j _c |
||
| 999 |
_c12573 _d12573 |
||